[Event "GER-ch Youth ODJM 2019"]
[Site "Willingen"]
[Date "2019.06.12"]
[Round "5.9"]
[White "Reimer, Philip"]
[Black "Knudsen, Simon"]
[Result "1/2-1/2"]
[WhiteElo "1891"]
[BlackElo "2166"]
[Annotator "NA"]
[PlyCount "73"]
[EventDate "2019.06.07"]
[EventType "swiss"]
[EventRounds "9"]
[EventCountry "GER"]
[SourceTitle "playchess.com"]
[Source "ChessBase"]
[SourceQuality "1"]
[TimeControl "40/5400+30:1800+30"]

1. e4 {[%emt 0:00:00]} g6 {[%emt 0:00:00]} 2. d4 {[%emt 0:00:00]} Bg7 {[%emt 0:00:00]} 3. Nc3 {[%emt 0:00:05]} d6 {[%emt 0:00:00]} 4. f4 {[%emt 0:00:11]} a6 {[%emt 0:00:00]} 5. Nf3 {[%emt 0:00:09]} b5 {[%emt 0:00:00]} 6. Bd3 {[%emt 0:00:09]} Nd7 {[%emt 0:00:00]} 7. e5 {[%emt 0:00:09]} c5 {[%emt 0:00:06]} 8. Be4 {[%emt 0:00:03]} Rb8 {[%emt 0:00:05]} 9. O-O {[%emt 0:00:05]} cxd4 {[%emt 0:00:04]} 10. Nxd4 {[%emt 0:00:02]} dxe5 {[%emt 0:00:08]} 11. Nc6 {[%emt 0:00:01]} Qb6+ {[%emt 0:07:49]} 12. Kh1 {[%emt 0:00:02]} Ngf6 {[%emt 0:00:26]} 13. Nxb8 {[%emt 0:00:02]} Qxb8 {[%emt 0:00:12]} 14. fxe5 {[%emt 0:00:02]} Nxe4 {[%emt 0:00:30]} 15. Nxe4 {[%emt 0:01:12]} Qxe5 {[%emt 0:02:56]} 16. Ng5 {[%emt 0:04:58]} O-O {[%emt 0:08:44]} 17. c3 {[%emt 0:05:17]} Qc5 {[%emt 0:29:35]} 18. Qe2 {[%emt 0:22:32]} h6 {[%emt 0:05:53]} 19. Nf3 {[%emt 0:01:23]} e5 {[%emt 0:02:38]} 20. Be3 {[%emt 0:01:21]} Qc6 {[%emt 0:00:13]} 21. Rac1 {[%emt 0:04:29]} Nb6 {[%emt 0:12:05]} 22. Nxe5 {[%emt 0:07:47]} Bxe5 {[%emt 0:13:33]} 23. Bxb6 {[%emt 0:01:01]} Bxh2 {[%emt 0:00:12]} 24. Kxh2 {[%emt 0:09:41]} Qxb6 {[%emt 0:00:38]} 25. Qf2 {[%emt 0:02:01]} Qc7+ {[%emt 0:00:26]} 26. Qf4 {[%emt 0:00:31]} Qa5 {[%emt 0:03:00]} 27. Qxh6 {[%emt 0:05:17]} Qxa2 {[%emt 0:00:07]} 28. Rf4 {[%emt 0:07:29]} Qd5 {[%emt 0:00:06]} 29. Rh4 {[%emt 0:00:50]} Qe5+ {[%emt 0:00:05]} 30. Kh1 {[%emt 0:00:13]} Qg7 {[%emt 0:00:04]} 31. Qxg7+ {[%emt 0:01:55]} Kxg7 {[%emt 0:00:05]} 32. Rb4 {[%emt 0:11:49]} Re8 {[%emt 0:02:34]} 33. Rc2 {[%emt 0:07:04]} Re1+ {[%emt 0:00:40]} 34. Kh2 {[%emt 0:00:09]} Be6 {[%emt 0:00:04]} 35. b3 {[%emt 0:01:12]} Re3 {[%emt 0:00:47]} 36. c4 {[%emt 0:01:39]} Re4 {[%emt 0:00:08]} 37. Ra2 {[%emt 0:05:03] normal} 1/2-1/2

[Event "GER-ch Youth ODJM 2019"]
[Site "Willingen"]
[Date "2019.06.12"]
[Round "5.10"]
[White "Tscheuschner, Georg"]
[Black "Hofmann, Lorenz"]
[Result "0-1"]
[WhiteElo "2113"]
[BlackElo "2002"]
[Annotator "NA"]
[PlyCount "116"]
[EventDate "2019.06.07"]
[EventType "swiss"]
[EventRounds "9"]
[EventCountry "GER"]
[SourceTitle "playchess.com"]
[Source "ChessBase"]
[SourceQuality "1"]
[TimeControl "40/5400+30:1800+30"]

1. c4 {[%emt 0:00:00]} c6 {[%emt 0:00:00]} 2. Nc3 {[%emt 0:00:00]} d5 {[%emt 0:00:00]} 3. d4 {[%emt 0:00:00]} Nf6 {[%emt 0:00:00]} 4. e3 {[%emt 0:00:00]} e6 {[%emt 0:00:00]} 5. Nf3 {[%emt 0:00:00]} Nbd7 {[%emt 0:00:01]} 6. Qc2 {[%emt 0:00:00]} Be7 {[%emt 0:00:09]} 7. g4 {[%emt 0:00:01]} h6 {[%emt 0:01:54]} 8. Bd2 {[%emt 0:01:15]} dxc4 {[%emt 0:02:07]} 9. Bxc4 {[%emt 0:01:52]} b5 {[%emt 0:00:15]} 10. Bb3 {[%emt 0:36:28]} Bb7 {[%emt 0:00:51]} 11. g5 {[%emt 0:02:18]} hxg5 {[%emt 0:21:30]} 12. Nxg5 {[%emt 0:05:09]} Nf8 {[%emt 0:01:21]} 13. Rg1 {[%emt 0:04:50]} Rxh2 {[%emt 0:24:06]} 14. Nce4 {[%emt 0:05:35]} Nxe4 {[%emt 0:05:53]} 15. Nxe4 {[%emt 0:01:26]} g6 {[%emt 0:03:35]} 16. O-O-O {[%emt 0:04:00]} Qc7 {[%emt 0:05:19]} 17. Nc5 {[%emt 0:16:58]} O-O-O {[%emt 0:04:57]} 18. f4 {[%emt 0:00:37]} Nd7 {[%emt 0:04:16]} 19. Bxe6 {[%emt 0:01:26]} fxe6 {[%emt 0:00:37]} 20. Nxe6 {[%emt 0:00:04]} Qd6 {[%emt 0:00:10]} 21. Nxd8 {[%emt 0:00:11]} Bxd8 {[%emt 0:00:30]} 22. Rxg6 {[%emt 0:00:05]} Qd5 {[%emt 0:00:33]} 23. Qb3 {[%emt 0:04:43]} Qxb3 {[%emt 0:05:53]} 24. axb3 {[%emt 0:00:01]} c5 {[%emt 0:00:11]} 25. Be1 {[%emt 0:08:05]} Be4 {[%emt 0:02:12]} 26. Re6 {[%emt 0:00:18]} Bd5 {[%emt 0:01:27]} 27. Re8 {[%emt 0:01:00]} Bf7 {[%emt 0:00:06]} 28. Rxd8+ {[%emt 0:01:57]} Kxd8 {[%emt 0:00:35]} 29. dxc5 {[%emt 0:00:05]} Bxb3 {[%emt 0:02:16]} 30. Rd3 {[%emt 0:01:14]} Bc4 {[%emt 0:00:03]} 31. Rd4 {[%emt 0:00:34]} Kc8 {[%emt 0:01:08]} 32. b4 {[%emt 0:00:36]} Kc7 {[%emt 0:02:52]} 33. f5 {[%emt 0:00:27]} Rh3 {[%emt 0:02:40]} 34. Bh4 {[%emt 0:01:29]} Rxe3 {[%emt 0:02:37]} 35. Bg5 {[%emt 0:00:05]} Re1+ {[%emt 0:01:17]} 36. Kd2 {[%emt 0:00:02]} Re2+ {[%emt 0:00:04]} 37. Kd1 {[%emt 0:00:07]} Re8 {[%emt 0:00:50]} 38. Bf4+ {[%emt 0:00:30]} Kc8 {[%emt 0:00:28]} 39. Rd6 {[%emt 0:01:02]} Nb8 {[%emt 0:02:06]} 40. Rh6 {[%emt 0:04:39]} Bd5 {[%emt 0:03:33]} 41. Rh7 {[%emt 0:03:12]} Nd7 {[%emt 0:01:59]} 42. Bd6 {[%emt 0:00:06]} a6 {[%emt 0:10:45]} 43. Rg7 {[%emt 0:04:40]} Re3 {[%emt 0:04:14]} 44. f6 {[%emt 0:05:15]} Rf3 {[%emt 0:01:26]} 45. c6 {[%emt 0:00:49]} Bxc6 {[%emt 0:00:31]} 46. f7 {[%emt 0:02:17]} Rd3+ {[%emt 0:00:05]} 47. Kc2 {[%emt 0:00:05]} Rxd6 {[%emt 0:00:07]} 48. Rg8+ {[%emt 0:00:27]} Kc7 {[%emt 0:00:07]} 49. f8=Q {[%emt 0:00:27]} Nxf8 {[%emt 0:00:04]} 50. Rxf8 {[%emt 0:00:05]} Rd4 {[%emt 0:00:38]} 51. Kc3 {[%emt 0:00:19]} Rc4+ {[%emt 0:00:06]} 52. Kb3 {[%emt 0:00:04]} Bd5 {[%emt 0:00:22]} 53. Rf5 {[%emt 0:00:36]} Be6 {[%emt 0:00:32]} 54. Rf6 {[%emt 0:00:06]} Kd6 {[%emt 0:00:16]} 55. Ka3 {[%emt 0:00:04]} Rc3+ {[%emt 0:00:07]} 56. Kb2 {[%emt 0:00:04]} Rb3+ {[%emt 0:00:04]} 57. Kc2 {[%emt 0:00:06]} Rxb4 {[%emt 0:00:06]} 58. Kc3 {[%emt 0:00:05]} Rh4 {[%emt 0:00:39] normal Kd4 Ke5+} 0-1

[Event "GER-ch Youth ODJM 2019"]
[Site "Willingen"]
[Date "2019.06.12"]
[Round "5.11"]
[White "Wanner, Lukas"]
[Black "Teichert, Felix"]
[Result "1-0"]
[WhiteElo "2099"]
[BlackElo "2027"]
[Annotator "NA"]
[PlyCount "57"]
[EventDate "2019.06.07"]
[EventType "swiss"]
[EventRounds "9"]
[EventCountry "GER"]
[SourceTitle "playchess.com"]
[Source "ChessBase"]
[SourceQuality "1"]
[TimeControl "40/5400+30:1800+30"]

1. c4 {[%emt 0:00:00]} e5 {[%emt 0:00:00]} 2. g3 {[%emt 0:00:00]} h5 {[%emt 0:00:00]} 3. Nc3 {[%emt 0:06:47]} h4 {[%emt 0:00:28]} 4. Bg2 {[%emt 0:03:26]} Nc6 {[%emt 0:00:06]} 5. e3 {[%emt 0:01:12]} Bc5 {[%emt 0:00:27]} 6. b3 {[%emt 0:01:49]} d6 {[%emt 0:00:39]} 7. Bb2 {[%emt 0:02:17]} a6 {[%emt 0:00:21]} 8. Nge2 {[%emt 0:01:02]} h3 {[%emt 0:02:34]} 9. Bxc6+ {[%emt 0:00:26]} bxc6 {[%emt 0:00:07]} 10. d4 {[%emt 0:00:30]} exd4 {[%emt 0:00:58]} 11. exd4 {[%emt 0:00:52]} Bb4 {[%emt 0:01:14]} 12. Qd2 {[%emt 0:11:10]} Nf6 {[%emt 0:02:49]} 13. O-O-O {[%emt 0:00:35]} Bf5 {[%emt 0:03:17]} 14. f3 {[%emt 0:06:24]} Qd7 {[%emt 0:03:02]} 15. g4 {[%emt 0:02:02]} Bg6 {[%emt 0:05:18]} 16. Nf4 {[%emt 0:02:57]} O-O-O {[%emt 0:09:16]} 17. Rhe1 {[%emt 0:03:42]} d5 {[%emt 0:01:56]} 18. c5 {[%emt 0:04:02]} Be4 {[%emt 0:11:16]} 19. Qe2 {[%emt 0:11:01]} Bxc3 {[%emt 0:03:53]} 20. Bxc3 {[%emt 0:01:41]} g5 {[%emt 0:00:07]} 21. Qxa6+ {[%emt 0:03:35]} Kb8 {[%emt 0:00:07]} 22. Nd3 {[%emt 0:00:13]} Bxd3 {[%emt 0:01:23]} 23. Rxd3 {[%emt 0:00:29]} Rde8 {[%emt 0:02:11]} 24. Re5 {[%emt 0:10:26]} Re6 {[%emt 0:16:09]} 25. Bd2 {[%emt 0:03:01]} Rhe8 {[%emt 0:13:15]} 26. Bxg5 {[%emt 0:05:44]} Rxe5 {[%emt 0:01:47]} 27. dxe5 {[%emt 0:00:06]} Nxg4 {[%emt 0:00:31]} 28. Rd4 {[%emt 0:00:40] normal} Rxe5 {[%emt 0:01:00]} 29. Rb4# {normal} 1-0

[Event "GER-ch Youth ODJM 2019"]
[Site "Willingen"]
[Date "2019.06.12"]
[Round "5.12"]
[White "Gorainow, Nikita"]
[Black "Hartmann, Jakob"]
[Result "1/2-1/2"]
[WhiteElo "1929"]
[BlackElo "2144"]
[Annotator "NA"]
[PlyCount "62"]
[EventDate "2019.06.07"]
[EventType "swiss"]
[EventRounds "9"]
[EventCountry "GER"]
[SourceTitle "playchess.com"]
[Source "ChessBase"]
[SourceQuality "1"]
[TimeControl "40/5400+30:1800+30"]

1. e4 {[%emt 0:00:00]} e5 {[%emt 0:00:00]} 2. Nf3 {[%emt 0:00:00]} Nc6 {[%emt 0:00:08]} 3. Bc4 {[%emt 0:00:00]} Bc5 {[%emt 0:00:53]} 4. O-O {[%emt 0:00:13]} Nf6 {[%emt 0:05:06]} 5. d3 {[%emt 0:00:05]} d6 {[%emt 0:00:49]} 6. c3 {[%emt 0:00:25]} a6 {[%emt 0:00:58]} 7. a4 {[%emt 0:00:26]} h6 {[%emt 0:02:54]} 8. h3 {[%emt 0:03:15]} O-O {[%emt 0:01:19]} 9. Nbd2 {[%emt 0:01:34]} Ba7 {[%emt 0:03:41]} 10. Re1 {[%emt 0:00:46]} Be6 {[%emt 0:03:35]} 11. Bxe6 {[%emt 0:02:20]} fxe6 {[%emt 0:00:14]} 12. Nf1 {[%emt 0:00:04]} Nh5 {[%emt 0:06:09]} 13. Be3 {[%emt 0:02:10]} Nf4 {[%emt 0:03:45]} 14. Kh2 {[%emt 0:05:54]} Qf6 {[%emt 0:04:01]} 15. Bxa7 {[%emt 0:05:17]} Rxa7 {[%emt 0:03:19]} 16. Re3 {[%emt 0:09:57]} g5 {[%emt 0:09:47]} 17. g3 {[%emt 0:01:47]} Ng6 {[%emt 0:01:42]} 18. Kg2 {[%emt 0:01:12]} Raa8 {[%emt 0:01:42]} 19. Qd2 {[%emt 0:06:32]} Qg7 {[%emt 0:07:08]} 20. Re2 {[%emt 0:08:13]} Rf7 {[%emt 0:07:23]} 21. N1h2 {[%emt 0:02:09]} Raf8 {[%emt 0:02:46]} 22. Rd1 {[%emt 0:07:49]} Kh8 {[%emt 0:07:41]} 23. d4 {[%emt 0:09:24]} Rg8 {[%emt 0:06:21]} 24. Kh1 {[%emt 0:00:45]} Qf8 {[%emt 0:01:37]} 25. Qe3 {[%emt 0:08:07]} Qg7 {[%emt 0:05:40]} 26. Qd2 {[%emt 0:02:55]} Rgf8 {[%emt 0:01:00]} 27. Kg2 {[%emt 0:02:22]} Rf6 {[%emt 0:01:08]} 28. Rf1 {[%emt 0:04:07]} Qf7 {[%emt 0:04:49]} 29. Qd3 {[%emt 0:06:12]} Kh7 {[%emt 0:01:33]} 30. Rd2 {[%emt 0:01:32]} Qg7 {[%emt 0:01:05]} 31. Kh1 {[%emt 0:00:45]} R6f7 {[%emt 0:02:18] normal} 1/2-1/2

[Event "GER-ch Youth ODJM 2019"]
[Site "Willingen"]
[Date "2019.06.12"]
[Round "5.13"]
[White "Lohr, Maximilian"]
[Black "Dietz, Florian"]
[Result "1/2-1/2"]
[WhiteElo "1981"]
[BlackElo "2139"]
[Annotator "NA"]
[PlyCount "63"]
[EventDate "2019.06.07"]
[EventType "swiss"]
[EventRounds "9"]
[EventCountry "GER"]
[SourceTitle "playchess.com"]
[Source "ChessBase"]
[SourceQuality "1"]
[TimeControl "40/5400+30:1800+30"]

1. e4 {[%emt 0:00:00]} c5 {[%emt 0:00:00]} 2. d3 {[%emt 0:00:00]} d6 {[%emt 0:01:10]} 3. g3 {[%emt 0:00:11]} g6 {[%emt 0:00:51]} 4. Bg2 {[%emt 0:00:12]} Bg7 {[%emt 0:00:24]} 5. f4 {[%emt 0:00:21]} Nc6 {[%emt 0:01:22]} 6. c3 {[%emt 0:02:02]} e6 {[%emt 0:06:56]} 7. Nf3 {[%emt 0:00:34]} Nge7 {[%emt 0:03:03]} 8. O-O {[%emt 0:00:29]} O-O {[%emt 0:06:37]} 9. Na3 {[%emt 0:04:24]} b6 {[%emt 0:08:49]} 10. Be3 {[%emt 0:02:50]} Ba6 {[%emt 0:03:52]} 11. Re1 {[%emt 0:08:12]} Rc8 {[%emt 0:10:35]} 12. Bf2 {[%emt 0:03:49]} Qd7 {[%emt 0:03:35]} 13. Qd2 {[%emt 0:01:50]} Rc7 {[%emt 0:04:36]} 14. Nc2 {[%emt 0:02:19]} Rfc8 {[%emt 0:03:13]} 15. Rab1 {[%emt 0:10:39]} Na5 {[%emt 0:09:33]} 16. g4 {[%emt 0:06:04]} d5 {[%emt 0:13:30]} 17. e5 {[%emt 0:00:25]} Nac6 {[%emt 0:04:09]} 18. Bh3 {[%emt 0:07:21]} Bb7 {[%emt 0:02:30]} 19. Bg3 {[%emt 0:01:41]} d4 {[%emt 0:02:38]} 20. c4 {[%emt 0:00:18]} Nb4 {[%emt 0:00:27]} 21. Nh4 {[%emt 0:00:56]} Nxc2 {[%emt 0:01:31]} 22. Qxc2 {[%emt 0:00:30]} g5 {[%emt 0:03:25]} 23. fxg5 {[%emt 0:00:56]} Ng6 {[%emt 0:00:05]} 24. Nxg6 {[%emt 0:01:42]} fxg6 {[%emt 0:00:06]} 25. Bg2 {[%emt 0:02:59]} Rf8 {[%emt 0:00:56]} 26. Rf1 {[%emt 0:01:26]} Rcc8 {[%emt 0:01:19]} 27. h4 {[%emt 0:02:27]} Qc7 {[%emt 0:02:05]} 28. Bxb7 {[%emt 0:02:19]} Qxb7 {[%emt 0:00:03]} 29. Qg2 {[%emt 0:00:10]} Qxg2+ {[%emt 0:01:37]} 30. Kxg2 {[%emt 0:00:06]} Rxf1 {[%emt 0:00:34] normal} 31. Rxf1 {[%emt 0:00:26]} Rf8 {[%emt 0:00:10] normal} 32. Rxf8+ {[%emt 0:02:55] normal} 1/2-1/2

[Event "GER-ch Youth ODJM 2019"]
[Site "Willingen"]
[Date "2019.06.12"]
[Round "5.14"]
[White "Wuebker, Paul-Luca"]
[Black "Kracht, Raphael"]
[Result "1/2-1/2"]
[WhiteElo "2035"]
[BlackElo "1976"]
[Annotator "NA"]
[PlyCount "53"]
[EventDate "2019.06.07"]
[EventType "swiss"]
[EventRounds "9"]
[EventCountry "GER"]
[SourceTitle "playchess.com"]
[Source "ChessBase"]
[SourceQuality "1"]
[TimeControl "40/5400+30:1800+30"]

1. d4 {[%emt 0:00:00]} Nf6 {[%emt 0:02:25]} 2. c4 {[%emt 0:00:00]} e6 {[%emt 0:00:08]} 3. Nf3 {[%emt 0:00:00]} Bb4+ {[%emt 0:00:03]} 4. Nbd2 {[%emt 0:00:00]} O-O {[%emt 0:00:08]} 5. a3 {[%emt 0:00:00]} Be7 {[%emt 0:00:03]} 6. e4 {[%emt 0:00:08]} d5 {[%emt 0:00:03]} 7. e5 {[%emt 0:00:08]} Nfd7 {[%emt 0:00:03]} 8. cxd5 {[%emt 0:00:14]} exd5 {[%emt 0:00:08]} 9. Nb1 {[%emt 0:01:04]} c5 {[%emt 0:07:16]} 10. Nc3 {[%emt 0:00:31]} cxd4 {[%emt 0:01:00]} 11. Qxd4 {[%emt 0:00:19]} Nc5 {[%emt 0:00:25]} 12. Qxd5 {[%emt 0:08:05]} Be6 {[%emt 0:06:04]} 13. Qxd8 {[%emt 0:02:13]} Rxd8 {[%emt 0:00:06]} 14. Be3 {[%emt 0:01:34]} Nc6 {[%emt 0:01:16]} 15. Bxc5 {[%emt 0:03:45]} Bxc5 {[%emt 0:00:06]} 16. Be2 {[%emt 0:09:40]} Bg4 {[%emt 0:07:22]} 17. Na4 {[%emt 0:03:46]} Bf8 {[%emt 0:12:37]} 18. h3 {[%emt 0:03:51]} Bxf3 {[%emt 0:02:10]} 19. Bxf3 {[%emt 0:01:20]} Nxe5 {[%emt 0:11:02]} 20. Bxb7 {[%emt 0:05:12]} Nd3+ {[%emt 0:00:32]} 21. Ke2 {[%emt 0:00:08]} Rab8 {[%emt 0:00:11]} 22. Rhd1 {[%emt 0:00:34]} Nxb2 {[%emt 0:00:25]} 23. Rxd8 {[%emt 0:00:34]} Rxd8 {[%emt 0:00:04]} 24. Nxb2 {[%emt 0:00:09]} Rb8 {[%emt 0:00:03]} 25. Bd5 {[%emt 0:13:14]} Rxb2+ {[%emt 0:00:07]} 26. Ke1 {[%emt 0:00:35] normal} g5 {[%emt 0:12:18]} 27. a4 {[%emt 0:01:58] normal} 1/2-1/2

[Event "GER-ch Youth ODJM 2019"]
[Site "Willingen"]
[Date "2019.06.12"]
[Round "5.15"]
[White "Beesk, Kevin"]
[Black "Korten, Lando"]
[Result "1-0"]
[WhiteElo "1935"]
[BlackElo "2122"]
[Annotator "NA"]
[PlyCount "35"]
[EventDate "2019.06.07"]
[EventType "swiss"]
[EventRounds "9"]
[EventCountry "GER"]
[SourceTitle "playchess.com"]
[Source "ChessBase"]
[SourceQuality "1"]
[TimeControl "40/5400+30:1800+30"]

1. Nc3 {[%emt 0:00:00]} c5 {[%emt 0:01:36]} 2. Nf3 {[%emt 0:00:00]} Nf6 {[%emt 0:00:16]} 3. e4 {[%emt 0:00:00]} d6 {[%emt 0:00:02]} 4. e5 {[%emt 0:00:00]} dxe5 {[%emt 0:00:46]} 5. Nxe5 {[%emt 0:00:01]} g6 {[%emt 0:00:21]} 6. Bc4 {[%emt 0:02:25]} e6 {[%emt 0:01:03]} 7. Qf3 {[%emt 0:03:52]} Be7 {[%emt 0:13:04]} 8. Bb5+ {[%emt 0:07:03]} Kf8 {[%emt 0:02:31]} 9. d4 {[%emt 0:13:20]} Qxd4 {[%emt 0:15:15]} 10. Bf4 {[%emt 0:12:10]} g5 {[%emt 0:10:12]} 11. Bg3 {[%emt 0:00:02]} g4 {[%emt 0:00:09]} 12. Qe2 {[%emt 0:00:25]} Qb4 {[%emt 0:00:31]} 13. O-O-O {[%emt 0:02:09]} a6 {[%emt 0:01:06]} 14. a3 {[%emt 0:03:18]} Qa5 {[%emt 0:01:26]} 15. Nc4 {[%emt 0:00:29]} Qd8 {[%emt 0:03:04]} 16. Rxd8+ {[%emt 0:01:16]} Bxd8 {[%emt 0:00:08]} 17. Rd1 {[%emt 0:00:18] normal} Ke7 {[%emt 0:02:03]} 18. Bd6# {[%emt 0:00:39] normal} 1-0

[Event "GER-ch Youth ODJM 2019"]
[Site "Willingen"]
[Date "2019.06.12"]
[Round "5.16"]
[White "Weber, Jannis"]
[Black "Dette, Jan"]
[Result "0-1"]
[WhiteElo "1889"]
[BlackElo "2109"]
[Annotator "NA"]
[PlyCount "35"]
[EventDate "2019.06.07"]
[EventType "swiss"]
[EventRounds "9"]
[EventCountry "GER"]
[SourceTitle "playchess.com"]
[Source "ChessBase"]
[SourceQuality "1"]
[TimeControl "40/5400+30:1800+30"]

1. e4 {[%emt 0:00:00]} e6 {[%emt 0:00:00]} 2. d4 {[%emt 0:00:00]} d5 {[%emt 0:00:00]} 3. exd5 {[%emt 0:00:00]} exd5 {[%emt 0:00:00]} 4. Nf3 {[%emt 0:00:01]} Nf6 {[%emt 0:00:22]} 5. Bd3 {[%emt 0:00:48]} c5 {[%emt 0:03:32]} 6. Qe2+ {[%emt 0:15:10]} Be7 {[%emt 0:01:39]} 7. dxc5 {[%emt 0:03:43]} O-O {[%emt 0:10:57]} 8. O-O {[%emt 0:01:36]} Bxc5 {[%emt 0:00:15]} 9. c3 {[%emt 0:00:46]} Bg4 {[%emt 0:01:07]} 10. h3 {[%emt 0:10:49]} Re8 {[%emt 0:01:06]} 11. Be3 {[%emt 0:00:33]} Bxf3 {[%emt 0:04:50]} 12. Qxf3 {[%emt 0:00:12]} Bxe3 {[%emt 0:00:03]} 13. fxe3 {[%emt 0:00:18]} Qb6 {[%emt 0:00:03]} 14. Qf2 {[%emt 0:04:29]} Qxe3 {[%emt 0:07:13]} 15. Bc2 {[%emt 0:03:24]} Nc6 {[%emt 0:04:54]} 16. Nd2 {[%emt 0:03:15] normal} d4 {[%emt 0:15:44]} 17. cxd4 {[%emt 0:02:42]} Nxd4 {[%emt 0:00:42] normal} 18. Bb3 {[%emt 0:00:55] normal} 0-1

[Event "GER-ch Youth ODJM 2019"]
[Site "Willingen"]
[Date "2019.06.12"]
[Round "6.1"]
[White "Astner, Sebastian"]
[Black "Matthes, Benjamin"]
[Result "1/2-1/2"]
[WhiteElo "1870"]
[BlackElo "1737"]
[Annotator "NA"]
[PlyCount "57"]
[EventDate "2019.06.07"]
[EventType "swiss"]
[EventRounds "9"]
[EventCountry "GER"]
[SourceTitle "playchess.com"]
[Source "ChessBase"]
[SourceQuality "1"]
[TimeControl "40/5400+30:1800+30"]

1. e4 {[%emt 0:00:00]} c5 {[%emt 0:00:00]} 2. Nc3 {[%emt 0:00:27]} Nc6 {[%emt 0:00:29]} 3. f4 {[%emt 0:00:07]} e6 {[%emt 0:00:34]} 4. Nf3 {[%emt 0:00:19]} d5 {[%emt 0:02:54]} 5. Bb5 {[%emt 0:01:38]} Nge7 {[%emt 0:07:05]} 6. d3 {[%emt 0:03:35]} a6 {[%emt 0:04:23]} 7. Bxc6+ {[%emt 0:00:07]} Nxc6 8. O-O {[%emt 0:01:19]} Be7 {[%emt 0:04:23]} 9. Qe1 {[%emt 0:02:49]} O-O {[%emt 0:02:31]} 10. Qg3 {[%emt 0:03:12]} Nd4 {[%emt 0:10:04]} 11. f5 {[%emt 0:14:03]} dxe4 {[%emt 0:07:26]} 12. dxe4 {[%emt 0:03:14]} exf5 {[%emt 0:16:34]} 13. Nxd4 {[%emt 0:10:21]} cxd4 {[%emt 0:00:08]} 14. Bh6 {[%emt 0:01:57]} Bf6 {[%emt 0:04:59]} 15. Nd5 {[%emt 0:03:00]} Be6 {[%emt 0:10:57]} 16. Nxf6+ Qxf6 {[%emt 0:00:38]} 17. Bf4 {[%emt 0:02:09]} Qg6 {[%emt 0:05:54]} 18. Qxg6 {[%emt 0:01:56]} fxg6 {[%emt 0:01:54]} 19. exf5 {[%emt 0:01:58]} Bxf5 {[%emt 0:01:55]} 20. Be5 {[%emt 0:00:54]} Rfd8 {[%emt 0:04:08]} 21. Rad1 {[%emt 0:01:24]} Rac8 {[%emt 0:06:18]} 22. Bxd4 {[%emt 0:04:15]} Bxc2 {[%emt 0:00:59]} 23. Rd2 {[%emt 0:00:25]} Bf5 {[%emt 0:00:25]} 24. Bc3 {[%emt 0:01:33]} Rxd2 {[%emt 0:00:38]} 25. Bxd2 {[%emt 0:00:31]} Rc2 {[%emt 0:00:25]} 26. Bc3 {[%emt 0:00:13]} Be4 {[%emt 0:03:44]} 27. Rf2 {[%emt 0:00:19]} Rc1+ {[%emt 0:00:06]} 28. Rf1 {[%emt 0:00:04]} Rc2 {[%emt 0:00:18]} 29. Rf2 {[%emt 0:00:04] normal} 1/2-1/2

[Event "GER-ch Youth ODJM 2019"]
[Site "Willingen"]
[Date "2019.06.12"]
[Round "6.2"]
[White "Guenther, Emil"]
[Black "Petersen, Finn Christopher"]
[Result "1-0"]
[WhiteElo "1689"]
[BlackElo "1780"]
[Annotator "NA"]
[PlyCount "75"]
[EventDate "2019.06.07"]
[EventType "swiss"]
[EventRounds "9"]
[EventCountry "GER"]
[SourceTitle "playchess.com"]
[Source "ChessBase"]
[SourceQuality "1"]
[TimeControl "40/5400+30:1800+30"]

1. Nf3 {[%emt 0:00:00]} Nf6 {[%emt 0:00:00]} 2. d4 {[%emt 0:00:00]} g6 {[%emt 0:01:08]} 3. g3 {[%emt 0:00:00]} b5 {[%emt 0:01:22]} 4. Bg2 {[%emt 0:00:10]} Bb7 {[%emt 0:00:38]} 5. O-O {[%emt 0:00:26]} Bg7 {[%emt 0:01:10]} 6. b3 {[%emt 0:00:35]} O-O {[%emt 0:01:20]} 7. Bb2 {[%emt 0:00:07]} d6 {[%emt 0:02:25]} 8. Nbd2 {[%emt 0:00:18]} Nbd7 {[%emt 0:02:03]} 9. a3 {[%emt 0:08:07]} c5 {[%emt 0:06:11]} 10. c4 {[%emt 0:07:31]} a6 {[%emt 0:05:05]} 11. a4 {[%emt 0:04:31]} b4 {[%emt 0:07:18]} 12. d5 {[%emt 0:02:20]} e5 {[%emt 0:01:22]} 13. e4 {[%emt 0:00:43]} Nh5 {[%emt 0:20:10]} 14. Ne1 {[%emt 0:04:51]} Bh6 {[%emt 0:03:34]} 15. Qe2 {[%emt 0:04:43]} f5 {[%emt 0:12:13]} 16. exf5 {[%emt 0:09:00]} Rxf5 {[%emt 0:00:36]} 17. Ne4 {[%emt 0:02:19]} Qf8 {[%emt 0:07:57]} 18. Bh3 {[%emt 0:07:19]} Rf7 {[%emt 0:01:18]} 19. Be6 {[%emt 0:02:24]} Ndf6 {[%emt 0:06:12]} 20. Nxf6+ {[%emt 0:03:59]} Nxf6 {[%emt 0:00:15]} 21. f4 {[%emt 0:00:54]} exf4 {[%emt 0:12:49]} 22. Bxf6 {[%emt 0:00:30]} Re8 {[%emt 0:00:05]} 23. Bb2 {[%emt 0:03:22]} f3 {[%emt 0:02:40]} 24. Qxf3 {[%emt 0:01:11]} Rxe6 {[%emt 0:00:03]} 25. Qxf7+ {[%emt 0:01:11]} Qxf7 {[%emt 0:00:02]} 26. Rxf7 {[%emt 0:00:31]} Rxe1+ {[%emt 0:00:53]} 27. Rxe1 {[%emt 0:00:08]} Kxf7 {[%emt 0:00:13]} 28. h3 {[%emt 0:00:43]} Bc8 {[%emt 0:00:39]} 29. g4 {[%emt 0:00:12]} Bg5 {[%emt 0:00:52]} 30. Kg2 {[%emt 0:00:21]} h5 {[%emt 0:01:39]} 31. Kf3 {[%emt 0:00:14]} h4 {[%emt 0:01:01]} 32. Bc1 {[%emt 0:01:02]} Bxc1 {[%emt 0:00:30]} 33. Rxc1 {[%emt 0:00:10]} g5 {[%emt 0:00:22]} 34. Ke4 {[%emt 0:00:19]} Bd7 {[%emt 0:01:36]} 35. Rf1+ {[%emt 0:00:15]} Kg7 {[%emt 0:00:59]} 36. Rf5 {[%emt 0:00:13]} Be8 {[%emt 0:00:48]} 37. Rxg5+ {[%emt 0:00:11]} Bg6+ {[%emt 0:00:01]} 38. Rxg6+ {[%emt 0:03:23] normal} 1-0